Premchandothar kahani sahitya/ (Record no. 35929)

000 -LEADER
fixed length control field 00383nam a22001451a 4500
082 ## - DEWEY DECIMAL CLASSIFICATION NUMBER
Classification number H301 09
Item number RAD/P
100 ## - MAIN ENTRY--AUTHOR NAME
Personal name Radhesyam Gupta
245 ## - TITLE STATEMENT
Title Premchandothar kahani sahitya/
Statement of responsibility, etc by Radhesyam Gupta
260 ## - PUBLICATION, DISTRIBUTION, ETC. (IMPRINT)
Place of publication Ajmeer:
Name of publisher Hindi sahitya samsthan,
Year of publication 1973.
300 ## - PHYSICAL DESCRIPTION
Number of Pages 254p.
650 ## - SUBJECT ADDED ENTRY--TOPICAL TERM
Topical Term Stories Hindi Criticism
650 ## - SUBJECT ADDED ENTRY--TOPICAL TERM
Topical Term Literature Hindi
650 ## - SUBJECT ADDED ENTRY--TOPICAL TERM
Topical Term Literature
942 ## - ADDED ENTRY ELEMENTS (KOHA)
Koha item type Book
Holdings
Withdrawn status Lost status Damaged status Not for loan Permanent Location Current Location Date acquired Cost, normal purchase price Full call number Accession Number Cost, replacement price Price effective from Koha item type
Write off     1 Sree Sankaracharya University of Sanskrit Sree Sankaracharya University of Sanskrit 08.01.2015 25.00 H301 009 GUP PR L73 011456 0.00 08.01.2015 Book